00832nam a2200241 a 450000100060000000300080000600500170001400800410003103500190007204000220009104100080011308200220012109000170014310000390016024500900019925000110028926000350030030000350033565000490037094200120041999900170043195201420044872828BD-RjUL20211209082320.0170524s1957 enk 000 0 eng u a(BD-RjUL)73046 cSCWaBD-RjULbeng aeng04a541223bMAP 1957 aQD453b.M35x1 aMandleberg, Joseph Harold.921540710aPhysical chemistry made plain in certain arithmetical aspects /cby J. H. Mandelberg. a2d ed. aLondon :bCleaver-Hume,c1957. aviii, 252 p. :bill. ;c23 cm. 0aChemistry, Physical and theoretical.9215408 2ddccBK c72828d72828 00102ddc40718NFICaRUCLbRUCLcReadingd1958-01-21eB.H. Black wellg16.00l0o541 MAP 1957r2017-05-24 00:00:00tC-1w2017-05-24yBK